000 00905nam a22003017a 4500
003 CHAP
005 20220817042755.0
008 971013s1966 r 00010 d
010 _a55121
011 _a56093
035 _a60246
040 _cCHAP
090 _aFolleto 5615
100 0 0 _aYarza, José Ramón.
_9123004
245 _aSuelos emparrillados para el ganado
260 _aMadrid :
_bMinisterio de Agricultura,
_c1966
300 _a19 p.
_b: ilus.
490 _aHojas divulgadoras
_v; 12-66
590 _aBATCH-UPD
_b10
_c20130110
_lUCH01
_h0753
590 _aBATCH-UPD
_b10
_c20130410
_lUCH01
_h0433
590 _aBATCH-UPD
_b10
_c20130914
_lUCH01
_h1505
590 _aCONVERSION
_b10
_c20130109
_lUCH01
_h1330
650 1 4 _aGanado
_xAlojamiento.
_944890
830 0 _aHojas divulgadoras
_v; 12-66
901 _aBK
942 _cFOLL
949 _aFolleto 5615
_bBC
_cFOLL
_d-129924
_eTS1
_i60246
_si
999 _c55121
_d55121